Normal view
MARC view
Entry Personal Name
001 - CONTROL NUMBER
- control field: 201547
003 - CONTROL NUMBER IDENTIFIER
- control field: OSt
005 - DATE AND TIME OF LATEST TRANSACTION
- control field: 20250220122118.0
008 - FIXED-LENGTH DATA ELEMENTS
- fixed length control field: 250220|| aca||aabn | a|a d
040 ## - CATALOGING SOURCE
- Original cataloging agency: OSt
- Transcribing agency: OSt
100 ## - HEADING--PERSONAL NAME
- Personal name: Chandrashekhar Shetty B: ಚಂದ್ರಶೇಖರ ಶೆಟ್ಟಿ ಬಿ
670 ## - SOURCE DATA FOUND
- Source citation: Work cat.: (OSt)229264: Chandrashekhar Shetty B: ಚಂದ್ರಶೇಖರ ಶೆಟ್ಟಿ ಬಿ , Hulivesha: Thase dolu kunita, 2023